000 01103cai a22002055a 4500
001 L143077
008 080407u xxk g 000 0 eng d
035 _a(Sirsi) u143077
041 0 _aeng
110 2 _aThree Regions Climate Change Group
_95529
245 0 0 _aThree Regions Climate Change Group
_h[electronic resource]
520 _aWebsite for this partnership between the London, South East and East of England Climate Change Partnerships which aims to encourage the adaptation to climate change within the built environment. Explains what climate change is and covers three key climate impacts; flooding, water scarcity and overheating. Also provides information on how to assess risk and adapt homes and includes case studies about the process of retrofitting a house, flat and a block of flats.
590 _aKA
651 4 _aLondon
651 4 _aSouth East (England)
651 4 _aEast (England)
690 _aENVIRONMENTAL AND LAND CONSULTANCY-ENVIRONMENTAL MANAGEMENT
856 4 0 _uhttps://www.london.gov.uk/trccg/
_zView the website free of charge at www.london.gov.uk...
942 _n0
999 _c120652
_d120652